| 000 | 00530nam a2200181Ia 4500 | ||
|---|---|---|---|
| 999 |
_c2158 _d2158 |
||
| 020 | _a81-7054-257-8 | ||
| 082 | _a305.260954 MUT-; | ||
| 100 | _aMuttagi, P.K | ||
| 245 | 0 | _aAging issues and old age care: a global perspective | |
| 260 |
_aNew Delhi _bClassical Publishing _c1997 |
||
| 300 | _a200p. | ||
| 650 | _aOld age assistance - India | ||
| 650 | _aAged - Legal status, laws, etc. - India | ||
| 650 | _aAging - India | ||
| 650 | _aAged - Services for - India | ||
| 650 | _aAged - Government policy - India | ||
| 942 | _cBK | ||